| 000 | 00751nam a2200217Ii 4500 | ||
|---|---|---|---|
| 003 | JO-AjNU | ||
| 008 | 230605s9999||||xx |||||||||||||| ||und|| | ||
| 017 | _a2006/2/234 | ||
| 040 |
_aJO-AjNU _bara _erda _cJO-AjNU |
||
| 041 | _aara | ||
| 050 | 1 | 4 | _aBP144 2005 |
| 100 | 3 |
_aالمدني،محمد جميل, _eauthor _910938 |
|
| 245 | 0 | 0 | _aسلسلة بحوث فقهية مقارنة بالشريعة الإسلامية والقوانين الوضعية والأعراف العشائرية، ج1 |
| 250 | _aط1 | ||
| 264 | 3 | 1 | _aد.م: المؤلف، 2005 |
| 300 | _aج1، 195ص | ||
| 336 |
_atext _btxt _2rdacontent |
||
| 337 |
_aunmediated _bn _2rdamedia |
||
| 338 |
_avolume _bnc _2rdacarrier |
||
| 650 | 4 |
_aفقه اسلامي- عقوبات _910939 |
|
| 999 |
_aA2065 _c5633 _d5633 |
||